Elementary biochemistry : (Record no. 480232)

000 -LEADER
fixed length control field 00767cam a2200253 i 4500
001 - CONTROL NUMBER
control field 2736890
003 - CONTROL NUMBER IDENTIFIER
control field ASAB
005 - DATE AND TIME OF LATEST TRANSACTION
control field 20180827062658.0
008 - FIXED-LENGTH DATA ELEMENTS--GENERAL INFORMATION
fixed length control field 780817s1979 njua b 001 0 eng
020 ## - INTERNATIONAL STANDARD BOOK NUMBER
International Standard Book Number 81-219-2816-8
040 ## - CATALOGING SOURCE
Original cataloging agency DLC
Transcribing agency ASAB
Modifying agency DLC
050 00 - LIBRARY OF CONGRESS CALL NUMBER
Classification number QP514.2
Item number .D39
082 00 - DEWEY DECIMAL CLASSIFICATION NUMBER
Classification number 574/.1/92
245 10 - TITLE STATEMENT
Title Elementary biochemistry :
Statement of responsibility, etc. J.L. Jain, sunjay jain, nitin jain
246 ## - VARYING FORM OF TITLE
Title proper/short title elementary biochemistry
250 ## - EDITION STATEMENT
Edition statement multicolour edition
260 ## - PUBLICATION, DISTRIBUTION, ETC.
Place of publication, distribution, etc. N.D. :
Name of publisher, distributor, etc. S.Chand,
Date of publication, distribution, etc. c.
300 ## - PHYSICAL DESCRIPTION
Extent xviii, 588 p. :
Other physical details ill. ;
Dimensions 24 cm.
504 ## - BIBLIOGRAPHY, ETC. NOTE
Bibliography, etc. note Includes bibliographies and index.
650 #0 - SUBJECT ADDED ENTRY--TOPICAL TERM
Topical term or geographic name entry element Biochemistry.
9 (RLIN) 2130
700 1# - ADDED ENTRY--PERSONAL NAME
Personal name Littlewood, Barbara Shaffer,
Relator term joint author.
9 (RLIN) 2131
906 ## - LOCAL DATA ELEMENT F, LDF (RLIN)
a 7
b cbc
c orignew
d 1
e ocip
f 19
g y-gencatlg
942 ## - ADDED ENTRY ELEMENTS (KOHA)
Source of classification or shelving scheme
Koha item type Book
Holdings
Withdrawn status Lost status Source of classification or shelving scheme Damaged status Not for loan Collection code Permanent Location Current Location Date acquired Total Checkouts Full call number Barcode Date last seen Price effective from Koha item type
            Central Library (CL) Central Library (CL) 10/26/2016   574.1 Jai ASAB1992 10/26/2016 10/26/2016 Book
© 2023 Central Library, National University of Sciences and Technology. All Rights Reserved.